LDR 00736naa#a2200181#i#450# 001 EN\\bibl\123393 005 20260706005953.1 011 ## _a1994-4683 100 ## _a20230731b2023####ek#y0engy0150####ca 102 ## _aRU 200 1# _aASSESSMENT OF TECHNICAL READINESS OF CHESS PLAYERS BY MEANS OF COMPUTER ANALYSIS OF GAMES (ON THE EXAMPLE OF THE CANDIDATES TOURNAMENTS OF1950 AND 2020-21) _eJournal article 210 1# _aMoscow _cNational State University of Physical Education, Sports and Health named after P.F. Lesgaft _d2023 215 ## _a5 с. 608 ## _aJournal article _2local 675 ## _aСоревнования. Рекорды. 796.09 _z 700 #1 _aKomissarov _gV V 700 #1 _aBykova _gLarisa Valentinovna 856 4# _auchzapiski.lesgaft.spb.ru _u